000 00615nam a2200241 i 4500
001 C2-0226808
003 PPAK
005 20180728154433.0
008 000703s1998 enk |||| ||||| | eng d
020 _a0552145785
040 _aPPAK
_beng
_cPPAK
_erda
082 0 4 _a823
_223
090 0 0 _a823
_bCOR
_dG
100 1 _aCordy, Michael,
_eauthor
245 1 4 _aThe miracle strain
264 1 _aLondon :
_bBantam Books ,
_c1998
300 _a542 pages ;
_c18 cm
336 _2rdacontent
_atext
337 _2rdamedia
_aunmediated
338 _2rdacarrier
_avolume
650 1 0 _aEnglish fiction
942 _ddc
_cB
999 _c147024
_d147024